Name all the Flags - Statistics

General Stats
  • This quiz has been taken 27 times
  • The average score is 98 of 291
Answer Stats
Picture Answer % Correct
Wales
91%
Belgium
78%
Scotland
70%
Singapore
70%
Dominican Republic
65%
St Lucia
65%
Argentina
61%
Czechia
61%
Lebanon
61%
Swaziland
61%
Djibouti
57%
Guyana
57%
Kyrgyzstan
57%
Peru
57%
Zimbabwe
57%
Australia
52%
Belarus
52%
Central African Republic
52%
Christmas Island
52%
Denmark
52%
England
52%
Isle of Man
52%
Moldova
52%
Brazil
48%
Canada
48%
Chile
48%
Finland
48%
France
48%
Greece
48%
India
48%
Ireland
48%
Italy
48%
Malaysia
48%
Mexico
48%
Norway
48%
Panama
48%
Russia
48%
Solomon Islands
48%
South Africa
48%
Spain
48%
Tunisia
48%
Turkmenistan
48%
Ukraine
48%
Algeria
43%
Bangladesh
43%
Bermuda
43%
Bosnia and Herzegovina
43%
Brunei
43%
Cambodia
43%
China
43%
Colombia
43%
Estonia
43%
Ethiopia
43%
Georgia
43%
Greenland
43%
Guam
43%
Iran
43%
Iraq
43%
Ivory Coast
43%
Jamaica
43%
Japan
43%
Kazakhstan
43%
Luxembourg
43%
Monaco
43%
Morocco
43%
Netherlands
43%
New Zealand
43%
Niger
43%
Nigeria
43%
Niue
43%
Pakistan
43%
Philippines
43%
Poland
43%
Qatar
43%
Saudi Arabia
43%
Seychelles
43%
Slovakia
43%
Slovenia
43%
South Korea
43%
Sweden
43%
Switzerland
43%
Turkey
43%
United States
43%
Uzbekistan
43%
Albania
39%
Andorra
39%
Angola
39%
Antigua and Barbuda
39%
Armenia
39%
Austria
39%
Azerbaijan
39%
Bahrain
39%
Barbados
39%
Bulgaria
39%
Chad
39%
Comoros
39%
Congo
39%
Croatia
39%
Cuba
39%
Cyprus
39%
Dominica
39%
East Timor
39%
Egypt
39%
Equatorial Guinea
39%
Eritrea
39%
Fiji
39%
Gambia
39%
Germany
39%
Honduras
39%
Hungary
39%
Iceland
39%
Indonesia
39%
Israel
39%
Jordan
39%
Kenya
39%
Kiribati
39%
Kosovo
39%
Kuwait
39%
Laos
39%
Lesotho
39%
Liberia
39%
Liechtenstein
39%
Madagascar
39%
Mali
39%
Marshall Islands
39%
Mongolia
39%
Mozambique
39%
Myanmar
39%
Namibia
39%
North Korea
39%
Palau
39%
Romania
39%
San Marino
39%
Senegal
39%
Serbia
39%
Sierra Leone
39%
Somalia
39%
South Sudan
39%
Sri Lanka
39%
St Kitts and Nevis
39%
St Vincent and the Grenadines
39%
Syria
39%
Taiwan
39%
Thailand
39%
Tonga
39%
Trinidad and Tobago
39%
Tuvalu
39%
Uganda
39%
United Kingdom
39%
Uruguay
39%
Vatican City
39%
Venezuela
39%
Afghanistan
35%
Antarctica
35%
Bahamas
35%
Belize
35%
Benin
35%
Botswana
35%
Burkina Faso
35%
Burundi
35%
Cape Verde
35%
Costa Rica
35%
DRC
35%
Ecuador
35%
Faroe Islands
35%
Gabon
35%
Grenada
35%
Guatemala
35%
Haiti
35%
Latvia
35%
Libya
35%
Lithuania
35%
Macedonia
35%
Malawi
35%
Maldives
35%
Nauru
35%
Nepal
35%
Nicaragua
35%
Oman
35%
Palestine
35%
Papua New Guinea
35%
Paraguay
35%
Portugal
35%
Rwanda
35%
Samoa
35%
Sao Tome and Principe
35%
Soviet Union
35%
Sudan
35%
Tajikistan
35%
Tanzania
35%
United Arab Emirates
35%
Vanuatu
35%
Vietnam
35%
Western Sahara
35%
Yemen
35%
Zambia
35%
Aruba
30%
Bhutan
30%
Cameroon
30%
El Salvador
30%
French Polynesia
30%
Guinea-Bissau
30%
Hong Kong
30%
Jersey
30%
Macau
30%
Malta
30%
Montenegro
30%
Suriname
30%
Togo
30%
USSR
30%
Bolivia
26%
British Virgin Islands
26%
Catalonia
26%
Cook Island
26%
Curacao
26%
Ghana
26%
Guernsey
26%
Guinea
26%
Micronesia
26%
Nato
26%
Puerto Rico
26%
Sicily
26%
Texas
26%
Wake Island
26%
Abkhazia
22%
Easter Island
22%
Falkland Islands
22%
Johnston Atoll
22%
Kurdistan
22%
Martinique
22%
Mauritania
22%
Montserrat
22%
Northern Cyprus
22%
Somaliland
22%
Tibet
22%
Anguilla
17%
Azores
17%
Bonaire
17%
Cocos Islands
17%
Guadeloupe
17%
Northern Mariana Islands
17%
South Ossetia
17%
Tokelau
17%
Virgin Islands
17%
Wallis and Futuna
17%
Alaska
13%
Bougainville
13%
French Southern and Antarctic Lands
13%
Madeira
13%
New Caledonia
13%
Reunion
13%
Alaska
9%
Canary Islands
9%
Chechen Republic
9%
Midway Atoll
9%
Shetland
9%
St Pierre and Miquelon
9%
Aerica
4%
Ambazonia
4%
American Somoa
4%
Anjouan
4%
Argentine Antarctica
4%
Azawad
4%
Barotseland
4%
ceuta
4%
Chilean Antartic Territory
4%
Couto Misto
4%
Darfur
4%
French Guinea
4%
Gagauz Republic
4%
Khanate of Kalat
4%
Lord Howe Island
4%
Maakhir
4%
Martian Congressional Republic
4%
Mauritiuis
4%
Melilla
4%
Northern Ireland
4%
North Ingria
4%
Piratini Republic
4%
Pridnestrovian Moldavian
4%
Republic of Liege
4%
Republic of Sonora
4%
Republic of Stellaland
4%
Republic of the Rif
4%
Republic of Yakutia
4%
South Kasai
4%
Tagalog People's Republic
4%
Tatarstan
4%
Tripolitanian Republic
4%
United Belgian States
4%
West Papua
4%
No matching quizzes found
Score Distribution
Percent of People with Each Score
Percentile by Number Answered
Your Score History
You have not taken this quiz